000 00463nam a2200133 4500
999 _c8374
_d8374
008 180131b xxu||||| |||| 00| 0 eng d
082 _21988
_aDC 362.74
_bR51s
100 _925919
_aRitter, Bruce.
245 _aSometimes God's has a kids face:
_bThe story of America's exploited street kids/
_cBruce Ritter.
260 _aUnited States of America:
_bCovenant House,
_c© 1988.
300 _a123 pages;
_c17 cm.
650 0 _925920
_aAbandoned children
942 _2ddc
_cDC